<?xml version="1.0" encoding="UTF-8"?>
<record
    xmlns:xsi="http://www.w3.org/2001/XMLSchema-instance"
    xsi:schemaLocation="http://www.loc.gov/MARC21/slim http://www.loc.gov/standards/marcxml/schema/MARC21slim.xsd"
    xmlns="http://www.loc.gov/MARC21/slim">

  <leader>00336nam a22001097a 4500</leader>
  <controlfield tag="008">230823b        |||||||| |||| 00| 0 eng d</controlfield>
  <datafield tag="022" ind1=" " ind2=" ">
    <subfield code="a">0971-0787</subfield>
  </datafield>
  <datafield tag="040" ind1=" " ind2=" ">
    <subfield code="a">National Science Library</subfield>
    <subfield code="c">National Science Library</subfield>
  </datafield>
  <datafield tag="245" ind1=" " ind2=" ">
    <subfield code="a">Fertiliser statistics</subfield>
  </datafield>
  <datafield tag="260" ind1=" " ind2=" ">
    <subfield code="a">New Delhi: </subfield>
    <subfield code="b">The Fertiliser Association of India, </subfield>
    <subfield code="c">1990</subfield>
  </datafield>
  <datafield tag="942" ind1=" " ind2=" ">
    <subfield code="c">CR</subfield>
    <subfield code="2">udc</subfield>
  </datafield>
  <datafield tag="999" ind1=" " ind2=" ">
    <subfield code="c">59443</subfield>
    <subfield code="d">59443</subfield>
  </datafield>
  <datafield tag="952" ind1=" " ind2=" ">
    <subfield code="0">0</subfield>
    <subfield code="1">0</subfield>
    <subfield code="3">1990-91</subfield>
    <subfield code="4">0</subfield>
    <subfield code="7">0</subfield>
    <subfield code="9">126137</subfield>
    <subfield code="a">NSL</subfield>
    <subfield code="b">NSL</subfield>
    <subfield code="c">FF/Rk-7/C-16/R-5</subfield>
    <subfield code="d">2001-09-10</subfield>
    <subfield code="l">0</subfield>
    <subfield code="p">150580</subfield>
    <subfield code="r">2023-08-23 00:00:00</subfield>
    <subfield code="w">2001-09-10</subfield>
    <subfield code="y">CR</subfield>
  </datafield>
  <datafield tag="952" ind1=" " ind2=" ">
    <subfield code="0">0</subfield>
    <subfield code="1">0</subfield>
    <subfield code="3">2000-01</subfield>
    <subfield code="4">0</subfield>
    <subfield code="7">0</subfield>
    <subfield code="9">126141</subfield>
    <subfield code="a">NSL</subfield>
    <subfield code="b">NSL</subfield>
    <subfield code="c">FF/Rk-7/C-16/R-5</subfield>
    <subfield code="d">2006-01-16</subfield>
    <subfield code="l">0</subfield>
    <subfield code="p">225937</subfield>
    <subfield code="r">2023-08-23 00:00:00</subfield>
    <subfield code="w">2006-01-16</subfield>
    <subfield code="y">CR</subfield>
  </datafield>
  <datafield tag="952" ind1=" " ind2=" ">
    <subfield code="0">0</subfield>
    <subfield code="1">0</subfield>
    <subfield code="3">1999-2000</subfield>
    <subfield code="4">0</subfield>
    <subfield code="7">0</subfield>
    <subfield code="9">126145</subfield>
    <subfield code="a">NSL</subfield>
    <subfield code="b">NSL</subfield>
    <subfield code="c">FF/Rk-7/C-16/R-5</subfield>
    <subfield code="d">2006-01-16</subfield>
    <subfield code="l">0</subfield>
    <subfield code="p">225936</subfield>
    <subfield code="r">2023-08-23 00:00:00</subfield>
    <subfield code="w">2006-01-16</subfield>
    <subfield code="y">CR</subfield>
  </datafield>
  <datafield tag="952" ind1=" " ind2=" ">
    <subfield code="0">0</subfield>
    <subfield code="1">0</subfield>
    <subfield code="3">1998-99</subfield>
    <subfield code="4">0</subfield>
    <subfield code="7">0</subfield>
    <subfield code="9">126150</subfield>
    <subfield code="a">NSL</subfield>
    <subfield code="b">NSL</subfield>
    <subfield code="c">FF/Rk-7/C-16/R-5</subfield>
    <subfield code="d">2001-09-10</subfield>
    <subfield code="l">0</subfield>
    <subfield code="p">150586</subfield>
    <subfield code="r">2023-08-23 00:00:00</subfield>
    <subfield code="w">2001-09-10</subfield>
    <subfield code="y">CR</subfield>
  </datafield>
  <datafield tag="952" ind1=" " ind2=" ">
    <subfield code="0">0</subfield>
    <subfield code="1">0</subfield>
    <subfield code="3">1997-98</subfield>
    <subfield code="4">0</subfield>
    <subfield code="7">0</subfield>
    <subfield code="9">126155</subfield>
    <subfield code="a">NSL</subfield>
    <subfield code="b">NSL</subfield>
    <subfield code="c">FF/Rk-7/C-16/R-5</subfield>
    <subfield code="d">2001-09-10</subfield>
    <subfield code="l">0</subfield>
    <subfield code="p">150585</subfield>
    <subfield code="r">2023-08-23 00:00:00</subfield>
    <subfield code="w">2001-09-10</subfield>
    <subfield code="y">CR</subfield>
  </datafield>
  <datafield tag="952" ind1=" " ind2=" ">
    <subfield code="0">0</subfield>
    <subfield code="1">0</subfield>
    <subfield code="3">1996-97</subfield>
    <subfield code="4">0</subfield>
    <subfield code="7">0</subfield>
    <subfield code="9">126156</subfield>
    <subfield code="a">NSL</subfield>
    <subfield code="b">NSL</subfield>
    <subfield code="c">FF/Rk-7/C-16/R-5</subfield>
    <subfield code="d">2001-09-10</subfield>
    <subfield code="l">0</subfield>
    <subfield code="p">150584</subfield>
    <subfield code="r">2023-08-23 00:00:00</subfield>
    <subfield code="w">2001-09-10</subfield>
    <subfield code="y">CR</subfield>
  </datafield>
  <datafield tag="952" ind1=" " ind2=" ">
    <subfield code="0">0</subfield>
    <subfield code="1">0</subfield>
    <subfield code="3">2002-2003</subfield>
    <subfield code="4">0</subfield>
    <subfield code="7">0</subfield>
    <subfield code="9">126160</subfield>
    <subfield code="a">NSL</subfield>
    <subfield code="b">NSL</subfield>
    <subfield code="c">FF/Rk-7/C-16/R-5</subfield>
    <subfield code="d">2006-01-16</subfield>
    <subfield code="l">0</subfield>
    <subfield code="p">225938</subfield>
    <subfield code="r">2023-08-23 00:00:00</subfield>
    <subfield code="w">2006-01-16</subfield>
    <subfield code="y">CR</subfield>
  </datafield>
  <datafield tag="952" ind1=" " ind2=" ">
    <subfield code="0">0</subfield>
    <subfield code="1">0</subfield>
    <subfield code="3">1989-90</subfield>
    <subfield code="4">0</subfield>
    <subfield code="7">0</subfield>
    <subfield code="9">126164</subfield>
    <subfield code="a">NSL</subfield>
    <subfield code="b">NSL</subfield>
    <subfield code="c">FF/Rk-7/C-16/R-5</subfield>
    <subfield code="d">2006-01-16</subfield>
    <subfield code="l">0</subfield>
    <subfield code="p">150579</subfield>
    <subfield code="r">2023-08-23 00:00:00</subfield>
    <subfield code="w">2006-01-16</subfield>
    <subfield code="y">CR</subfield>
  </datafield>
  <datafield tag="952" ind1=" " ind2=" ">
    <subfield code="0">0</subfield>
    <subfield code="1">0</subfield>
    <subfield code="3">1988-89</subfield>
    <subfield code="4">0</subfield>
    <subfield code="7">0</subfield>
    <subfield code="9">126165</subfield>
    <subfield code="a">NSL</subfield>
    <subfield code="b">NSL</subfield>
    <subfield code="c">FF/Rk-7/C-16/R-5</subfield>
    <subfield code="d">2001-09-10</subfield>
    <subfield code="l">0</subfield>
    <subfield code="p">150578</subfield>
    <subfield code="r">2023-08-23 00:00:00</subfield>
    <subfield code="w">2001-09-10</subfield>
    <subfield code="y">CR</subfield>
  </datafield>
  <datafield tag="952" ind1=" " ind2=" ">
    <subfield code="0">0</subfield>
    <subfield code="1">0</subfield>
    <subfield code="3">1993-94</subfield>
    <subfield code="4">0</subfield>
    <subfield code="7">0</subfield>
    <subfield code="9">126166</subfield>
    <subfield code="a">NSL</subfield>
    <subfield code="b">NSL</subfield>
    <subfield code="c">FF/Rk-7/C-16/R-5</subfield>
    <subfield code="d">2001-09-10</subfield>
    <subfield code="l">0</subfield>
    <subfield code="p">150583</subfield>
    <subfield code="r">2023-08-23 00:00:00</subfield>
    <subfield code="w">2001-09-10</subfield>
    <subfield code="y">CR</subfield>
  </datafield>
  <datafield tag="952" ind1=" " ind2=" ">
    <subfield code="0">0</subfield>
    <subfield code="1">0</subfield>
    <subfield code="3">1992-93</subfield>
    <subfield code="4">0</subfield>
    <subfield code="7">0</subfield>
    <subfield code="9">126169</subfield>
    <subfield code="a">NSL</subfield>
    <subfield code="b">NSL</subfield>
    <subfield code="c">FF/Rk-7/C-16/R-5</subfield>
    <subfield code="d">2001-09-10</subfield>
    <subfield code="l">0</subfield>
    <subfield code="p">150582</subfield>
    <subfield code="r">2023-08-23 00:00:00</subfield>
    <subfield code="w">2001-09-10</subfield>
    <subfield code="y">CR</subfield>
  </datafield>
  <datafield tag="952" ind1=" " ind2=" ">
    <subfield code="0">0</subfield>
    <subfield code="1">0</subfield>
    <subfield code="3">1991-92</subfield>
    <subfield code="4">0</subfield>
    <subfield code="7">0</subfield>
    <subfield code="9">126170</subfield>
    <subfield code="a">NSL</subfield>
    <subfield code="b">NSL</subfield>
    <subfield code="c">FF/Rk-7/C-16/R-5</subfield>
    <subfield code="d">2001-09-10</subfield>
    <subfield code="l">0</subfield>
    <subfield code="p">150581</subfield>
    <subfield code="r">2023-08-23 00:00:00</subfield>
    <subfield code="w">2001-09-10</subfield>
    <subfield code="y">CR</subfield>
  </datafield>
</record>
